Building (Record no. 118685)
[ view plain ]
| 000 -LEADER | |
|---|---|
| fixed length control field | 00764cas a2200241 a 4500 |
| 001 - CONTROL NUMBER | |
| control field | ##L99241 |
| 008 - FIXED-LENGTH DATA ELEMENTS--GENERAL INFORMATION | |
| fixed length control field | 070731c1966 xxkwr p 0 a0eng |
| 022 1# - INTERNATIONAL STANDARD SERIAL NUMBER | |
| International Standard Serial Number | 0007-3318 |
| 035 ## - SYSTEM CONTROL NUMBER | |
| System control number | (Sirsi) u99241 |
| 041 0# - LANGUAGE CODE | |
| Language code of text/sound track or separate title | eng |
| 245 00 - TITLE STATEMENT | |
| Title | Building |
| 260 ## - PUBLICATION, DISTRIBUTION, ETC. | |
| Place of publication, distribution, etc. | London |
| Name of publisher, distributor, etc. | CMP |
| Date of publication, distribution, etc. | 1966- |
| 362 ## - DATES OF PUBLICATION AND/OR SEQUENTIAL DESIGNATION | |
| Dates of publication and/or sequential designation | London: 1966- |
| 362 0# - DATES OF PUBLICATION AND/OR SEQUENTIAL DESIGNATION | |
| Dates of publication and/or sequential designation | Edinburgh: January 1990- |
| 554 ## - | |
| -- | One per week |
| 651 #4 - SUBJECT ADDED ENTRY--GEOGRAPHIC NAME | |
| Geographic name | United Kingdom |
| Chronological subdivision | |
| 690 ## - LOCAL SUBJECT ADDED ENTRY--TOPICAL TERM (OCLC, RLIN) | |
| Topical term or geographic name as entry element | BUILT ENVIRONMENT |
| 780 00 - PRECEDING ENTRY | |
| Title | The Builder |
| 856 41 - ELECTRONIC LOCATION AND ACCESS | |
| Uniform Resource Identifier | <a href="https://www.building.co.uk">https://www.building.co.uk</a> |
| Public note | View further information at www.building.co.uk... |
| 856 48 - ELECTRONIC LOCATION AND ACCESS | |
| Uniform Resource Identifier | <a href="https://www.bodley.ox.ac.uk/cgi-bin/ilej/pbrowse.pl?item=title&id=ILEJ.6.&title=The+Builder">https://www.bodley.ox.ac.uk/cgi-bin/ilej/pbrowse.pl?item=title&id=ILEJ.6.&title=The+Builder</a> |
| Public note | View the vol. 1-10, 1843-1852 at www.bodley.ox.ac.uk |
| 942 ## - ADDED ENTRY ELEMENTS (KOHA) | |
| Suppress in OPAC | 0 |
| 948 ## - LOCAL PROCESSING INFORMATION (OCLC); SERIES PART DESIGNATOR (RLIN) | |
| c (OCLC) | 13/02/1998 |
| Withdrawn status | Lost status | Source of classification or shelving scheme | Damaged status | Not for loan | Home library | Current library | Shelving location | Date acquired | Total Checkouts | Full call number | Barcode | Date last seen | Price effective from | Koha item type |
|---|---|---|---|---|---|---|---|---|---|---|---|---|---|---|
| Dewey Decimal Classification | London | London | Enquiry desk | 04/07/2006 | BUILDING (LAST FIVE YEARS) | 99241-4001 | 06/08/2019 | 06/08/2019 | Journal |